000 00783nam a22002537a 4500
005 20170123162317.0
010 _aA-998718
020 _c200.00
035 _aA-998718
037 _bCen Lib/Ret
040 _aDPL
_bUR
082 _a841
_bص دی
100 _aسددیقی، قادر
_9399
245 _aجمنا سے زمزم تک /
_c قادر سددیقی
246 _aJamuna se jamjam tak /
_bby Qadir Siddiqi
260 _aلکھنؤ
_bنصرت پبلشرز
_c1999
270 _bلکھنؤ
_aآمناباد
_e226013
300 _a437p.
_c21cm(Hb
650 _a ادب - اردو
_9115079
650 _aاردو نظم
_9115080
650 _aLiterature -- Urdu
_9115081
650 _aUrdu poetry
_9115082
942 _2ddc
_cUR
_h841
_mص دی
999 _c106786
_d106786